[Event "14. Deizisauer Herbstopen 2019"]
[Site "Deizisau"]
[Date "2019.10.25"]
[Round "1.1"]
[White "Dgebuadze, Alexandre"]
[Black "Winkler, Tim"]
[Result "1-0"]
[WhiteElo "2472"]
[BlackElo "1922"]
[Annotator "TA"]
[PlyCount "49"]
[EventDate "2019.10.25"]
[EventType "swiss"]
[EventCountry "GER"]
[SourceTitle "playchess.com"]
[Source "ChessBase"]
[SourceQuality "1"]

{[%evp 9,49,35,44,8,16,14,24,6,18,6,0,-32,-19,-64,-69,-59,14,31,34,0,0,13,9,0,45,45,168,176,194,184,362,375,479,471,448,447,573,553,806,783,965,927]} 1. e4 d6 2. d4 g6 3. Nc3 Bg7 4. Be3 a6 5. Be2 b5 {[%cal Bb7b5,Bb5b4][%mdl 32]} (5... Nd7 6. h4 h5 7. Nf3 b5 8. Ng5 Bb7 9. a4 b4 10. Nd5 Bxd5 11. exd5 Ngf6 12. Bf3 Nb6 13. c3 bxc3 14. bxc3 Nbxd5 {0-1 (56) Odeev,H (2428)-Yilmazyerli,M (2428) Cesme 2014}) 6. a4 {B06: Modern Defence} b4 7. Na2 a5 8. c3 {White has an edge.} Nf6 9. Bf3 Bb7 10. e5 $146 ({Predecessor:} 10. Qc2 Na6 11. cxb4 axb4 12. Ne2 O-O 13. O-O {½-½ (60) Den Hartog,M (2079)-Nguyen,K (2049) Rotterdam 2016}) 10... Nd5 11. Qb3 dxe5 12. dxe5 Nxe3 ({Inferior is} 12... Bxe5 13. Rd1 $16) (12... c6 $15 13. cxb4 O-O) 13. Bxb7 $11 Ra7 14. Bf3 {[#] Black must now prevent e6.} Nf5 15. e6 $36 {[%mdl 2048] White is pushing.} fxe6 16. Ne2 c5 17. Nf4 $1 {[%cal Rf4e6]} Qc7 (17... Qc8 $14) 18. Nxe6 $18 Qe5+ 19. Kf1 Nh4 $2 {[#]} (19... Bf6 20. Re1 Qd6) 20. Be2 Bh6 21. Bb5+ {White is clearly winning.} Nd7 22. Re1 Qf5 {intending ...Nxg2.} 23. Qc4 Qf6 24. Qxc5 Ra8 25. Bxd7+ {Accuracy: White = 53%, Black = 38%.} 1-0

[Event "14. Deizisauer Herbstopen 2019"]
[Site "Deizisau"]
[Date "2019.10.25"]
[Round "1.2"]
[White "Sommer, Konstantin"]
[Black "Krassowizkij, Jaroslaw"]
[Result "0-1"]
[WhiteElo "1821"]
[BlackElo "2436"]
[Annotator "TA"]
[PlyCount "80"]
[EventDate "2019.10.25"]
[EventType "swiss"]
[EventCountry "GER"]
[SourceTitle "playchess.com"]
[Source "ChessBase"]
[SourceQuality "1"]

{[%evp 11,80,69,73,40,52,25,29,-15,-12,-20,-13,-24,-20,-21,-25,-38,-25,-33,-35,-104,-118,-104,-73,-69,-71,-103,-100,-145,-117,-136,-128,-101,-112,-125,-131,-113,-115,-122,-127,-136,-127,-179,-172,-187,-176,-178,-191,-182,-182,-168,-122,-114,-116,-534,-561,-29983,-29982,-29984,-29985,-4914,-1953,-4878,-1346,-29991,-29992,-29993,-29994,-29994,-29995,-29995,-1517]} 1. d4 Nf6 2. c4 c5 3. d5 e5 4. Nc3 d6 5. e4 Be7 6. Be2 O-O 7. f4 {A56: Czech Benoni} (7. Bd2 Ne8 8. Nf3 Bg4 9. O-O Nd7 10. a3 a6 11. Qc2 g6 12. Rfb1 Rc8 13. h3 Bxf3 14. Bxf3 Bg5 {½-½ (106) Xu,Y (2410)-Bu,X (2710) Zhongshan 2014}) 7... Nbd7 {[%cal Bb8d7,Bd7e5,Be5g6][%mdl 32]} 8. Nf3 exf4 9. O-O $146 {White has an edge.} ({Predecessor:} 9. Bxf4 Ng4 10. O-O f5 11. Nd2 Nge5 12. exf5 Rxf5 13. Qc2 Qf8 14. Bg3 Nb6 15. Bxe5 dxe5 {1-0 (37) Otruba,M (1937)-Laurincova,K (1854) Ricany 2017}) 9... Ne5 10. Bxf4 Ng6 11. Bc1 Ng4 12. h3 N4e5 13. Nxe5 Nxe5 14. Bf4 Bf6 15. Bxe5 ({White should try} 15. Be3 $15) 15... Bxe5 $17 16. Bg4 Qh4 17. Bxc8 Raxc8 18. Qd3 Rce8 19. Rab1 Bd4+ 20. Kh1 Bxc3 21. bxc3 b6 ({Much weaker is} 21... Qxe4 22. Qxe4 Rxe4 23. Rxb7 $11) 22. Rbe1 {[#]} f5 $1 {[%mdl 512]} 23. e5 (23. exf5 Rxe1) 23... dxe5 24. d6 {And now Qd5+ would win.} e4 25. Qd5+ Kh8 26. Re2 (26. a4 $17 {keeps fighting.}) 26... g6 $19 27. Rd1 Rd8 28. Qb7 Qf6 29. d7 Qe6 30. Qxa7 f4 31. Rb2 f3 32. Qc7 $2 {[%mdl 8192]} (32. Qxb6 $17 Qe7 33. gxf3 (33. Qd6 $2 Qxd6 34. Rxd6 f2 $19)) 32... e3 {[#] White must now prevent ...e2.} 33. Rxb6 e2 34. Rxe6 exd1=Q+ 35. Kh2 Qxd7 36. Qe5+ Qg7 37. Qxc5 f2 {Black mates.} 38. Re7 f1=Q 39. Rxg7 Qf4+ 40. Kh1 Rd1+ {Accuracy: White = 43%, Black = 81%.} 0-1

[Event "14. Deizisauer Herbstopen 2019"]
[Site "Deizisau"]
[Date "2019.10.25"]
[Round "1.3"]
[White "Frolik, Erhard"]
[Black "Fruechel, Marcel"]
[Result "1-0"]
[WhiteElo "2317"]
[BlackElo "1895"]
[Annotator "RC"]
[PlyCount "37"]
[EventDate "2019.10.25"]
[EventType "swiss"]
[EventCountry "GER"]
[SourceTitle "playchess.com"]
[Source "ChessBase"]
[SourceQuality "1"]
[TimeControl "5400+30"]

1. e4 {[%emt 0:00:00]} e6 {[%emt 0:00:00]} 2. d4 {[%emt 0:00:00]} d5 {[%emt 0:00:00]} 3. Nd2 {[%emt 0:00:05]} dxe4 {[%emt 0:00:09]} 4. Nxe4 {[%emt 0:00:09]} Nf6 {[%emt 0:00:07]} 5. Nxf6+ {[%emt 0:00:13]} Qxf6 {[%emt 0:00:10]} 6. Nf3 {[%emt 0:00:11]} h6 {[%emt 0:00:24]} 7. Bd3 {[%emt 0:01:58]} Bd6 {[%emt 0:01:24]} 8. Qe2 {[%emt 0:04:22]} Bd7 {[%emt 0:04:23]} 9. Ne5 {[%emt 0:04:35]} Bxe5 {[%emt 0:03:37]} 10. dxe5 {[%emt 0:00:34]} Qe7 {[%emt 0:00:21]} 11. Qg4 {[%emt 0:08:17]} Qf8 {[%emt 0:01:49]} 12. Bd2 {[%emt 0:00:57]} a5 {[%emt 0:01:45]} 13. O-O-O {[%emt 0:03:31]} Nc6 {[%emt 0:01:58]} 14. Rhe1 {[%emt 0:11:03]} Nb4 {[%emt 0:02:48]} 15. Be4 {[%emt 0:01:15]} Ba4 {[%emt 0:16:43]} 16. a3 {[%emt 0:06:23]} h5 {[%emt 0:22:53]} 17. Qh4 {[%emt 0:02:27]} Qc5 {[%emt 0:02:55]} 18. axb4 {[%emt 0:00:57]} axb4 {[%emt 0:00:13]} 19. Bxb4 1-0

[Event "14. Deizisauer Herbstopen 2019"]
[Site "Deizisau"]
[Date "2019.10.25"]
[Round "1.4"]
[White "Kolb, Roland"]
[Black "Gheng, Josef"]
[Result "1/2-1/2"]
[WhiteElo "1899"]
[BlackElo "2190"]
[Annotator "TA"]
[PlyCount "56"]
[EventDate "2019.10.25"]
[EventType "swiss"]
[EventCountry "GER"]
[SourceTitle "playchess.com"]
[Source "ChessBase"]
[SourceQuality "1"]

{[%evp 12,56,75,62,81,62,105,100,109,103,110,109,116,106,127,143,147,141,158,147,184,169,205,198,167,168,160,111,99,112,106,98,105,89,74,81,80,84,89,98,172,165,347,0,314,335,701]} 1. c4 Nf6 2. Nc3 e5 3. Nf3 Nc6 4. e4 Bc5 5. Nxe5 Nxe5 6. d4 Bxd4 7. Qxd4 d6 {A28: English Opening: Four Knights Variation} 8. Bg5 Be6 9. Be2 $146 ({Predecessor:} 9. O-O-O h6 10. Bh4 Ng6 11. Bg3 Nh5 12. Be2 Nxg3 13. hxg3 O-O 14. f4 Bd7 15. Rh5 {1-0 (67) Bayo Milagro,A (2333)-Cruz Lledo,P (2436) Alicante 2019}) 9... h6 {White is better.} 10. Bh4 c5 11. Qd1 O-O 12. b3 Re8 13. O-O Ng6 14. Bg3 Qa5 15. Qc2 Rad8 16. Rad1 Ne5 {[%cal Bg6e5,Be5c6,Bc6d4][%mdl 32]} 17. Bh4 Nc6 {With the idea ...g5.} 18. Bxf6 gxf6 19. Nb5 a6 20. Nxd6 {[%mdl 64] [#] Double Attack} Re7 {...Nd4 is the strong threat.} 21. Qd3 Nd4 22. e5 fxe5 23. Qg3+ {[%mdl 64] Double Attack} Kf8 24. Qxe5 {[%cal Re5h8]} Nxe2+ 25. Qxe2 Red7 {[#]} (25... Qc7 $16 {was necessary.}) 26. Ne4 $1 $18 {Hoping for Rde1.} ({Inferior is} 26. Qe5 Qc7 $11) 26... Rd4 $2 (26... Rxd1 {was worth a try.} 27. Rxd1 Rxd1+ 28. Qxd1 Qxa2) 27. Qe3 $2 (27. Rde1 $18) 27... Ke7 $2 {[%mdl 8192]} (27... Rxd1 $11 {and Black is okay.} 28. Qxh6+ Ke8 29. Qh8+ Ke7 30. Qf6+ Kf8 31. Qh8+ Ke7 32. Qf6+ Kf8 33. Qh8+ Ke7) 28. Rde1 ({Don't take} 28. Rxd4 cxd4 29. Qxh6 Qe5 $18) 28... b6 $2 {[%mdl 32768] Accuracy: White = 78%, Black = 38%. . An unexpected result.} (28... Kd7 29. Qxh6 Kc8) 1/2-1/2

[Event "14. Deizisauer Herbstopen 2019"]
[Site "Deizisau"]
[Date "2019.10.25"]
[Round "1.5"]
[White "Gustain, Marc"]
[Black "Kilinc, Can"]
[Result "1-0"]
[WhiteElo "2179"]
[BlackElo "1825"]
[Annotator "RC"]
[PlyCount "95"]
[EventDate "2019.10.25"]
[EventType "swiss"]
[EventCountry "GER"]
[SourceTitle "playchess.com"]
[Source "ChessBase"]
[SourceQuality "1"]
[TimeControl "5400+30"]

1. e4 {[%emt 0:00:00]} e5 {[%emt 0:00:00]} 2. Bc4 {[%emt 0:00:00]} Nf6 {[%emt 0:00:43]} 3. d4 {[%emt 0:00:00]} exd4 {[%emt 0:00:55]} 4. Nf3 {[%emt 0:00:00]} Bb4+ {[%emt 0:00:34]} 5. c3 {[%emt 0:00:00]} dxc3 {[%emt 0:00:09]} 6. bxc3 {[%emt 0:00:01]} d5 {[%emt 0:00:43]} 7. exd5 {[%emt 0:07:27]} Bd6 {[%emt 0:01:09]} 8. O-O {[%emt 0:03:10]} O-O {[%emt 0:00:33]} 9. Bg5 {[%emt 0:00:33]} h6 {[%emt 0:05:05]} 10. Bh4 {[%emt 0:00:29]} Nbd7 {[%emt 0:07:33]} 11. Bb3 {[%emt 0:03:57]} g5 {[%emt 0:13:50]} 12. Bg3 {[%emt 0:01:00]} Bxg3 {[%emt 0:00:13]} 13. fxg3 {[%emt 0:01:20]} Nc5 {[%emt 0:03:01]} 14. c4 {[%emt 0:01:21]} Bg4 {[%emt 0:12:19]} 15. Nc3 {[%emt 0:03:00]} Bh5 {[%emt 0:10:27]} 16. Qd4 {[%emt 0:01:26]} Nfd7 {[%emt 0:01:29]} 17. Bc2 {[%emt 0:02:51]} Qf6 {[%emt 0:00:50]} 18. Qxf6 Nxf6 {[%emt 0:00:01]} 19. Nxg5 {[%emt 0:03:44]} Nfd7 {[%emt 0:04:47]} 20. Nf3 {[%emt 0:03:28]} Bg6 {[%emt 0:00:54]} 21. Bxg6 {[%emt 0:03:27]} fxg6 {[%emt 0:00:02]} 22. Nb5 {[%emt 0:01:11]} c6 {[%emt 0:07:00]} 23. dxc6 {[%emt 0:04:30]} bxc6 {[%emt 0:00:06]} 24. Nbd4 {[%emt 0:00:19]} Rf6 {[%emt 0:01:24]} 25. Rfe1 {[%emt 0:04:27]} Kf7 {[%emt 0:11:06]} 26. Ne5+ {[%emt 0:04:42]} Nxe5 {[%emt 0:00:41]} 27. Rxe5 {[%emt 0:00:03]} Nd7 {[%emt 0:00:12]} 28. Ra5 {[%emt 0:01:37]} c5 {[%emt 0:06:39]} 29. Nf3 {[%emt 0:03:26]} Rc6 {[%emt 0:02:30]} 30. Rd1 {[%emt 0:00:33]} Rc7 {[%emt 0:00:16]} 31. Rxd7+ {[%emt 0:01:10]} Rxd7 {[%emt 0:00:01]} 32. Ne5+ {[%emt 0:00:10]} Ke6 {[%emt 0:00:14]} 33. Nxd7 {[%emt 0:00:11]} Kxd7 {[%emt 0:00:01]} 34. Rxc5 {[%emt 0:00:33]} Rb8 {[%emt 0:00:24]} 35. Ra5 {[%emt 0:01:07]} Rb2 {[%emt 0:02:57]} 36. Rxa7+ {[%emt 0:00:20]} Ke6 {[%emt 0:00:17]} 37. Ra5 {[%emt 0:03:51]} Rc2 {[%emt 0:03:24]} 38. c5 {[%emt 0:00:54]} h5 {[%emt 0:03:19]} 39. h3 {[%emt 0:01:11]} Kd7 {[%emt 0:02:13]} 40. a4 {[%emt 0:00:56]} Kc7 {[%emt 0:01:19]} 41. Rb5 {[%emt 0:02:24]} Ra2 {[%emt 0:00:01]} 42. a5 {[%emt 0:00:28]} Kd7 {[%emt 0:00:49]} 43. Rb7+ {[%emt 0:00:30]} Kc8 {[%emt 0:00:42]} 44. Rg7 {[%emt 0:00:48]} Rxa5 {[%emt 0:00:11]} 45. Rxg6 {[%emt 0:00:29]} Rxc5 {[%emt 0:00:24]} 46. g4 {[%emt 0:00:08]} hxg4 {[%emt 0:00:32]} 47. Rxg4 {[%emt 0:00:07]} Kd7 {[%emt 0:00:23]} 48. Re4 {[%emt 0:00:02]} 1-0

[Event "14. Deizisauer Herbstopen 2019"]
[Site "Deizisau"]
[Date "2019.10.25"]
[Round "1.6"]
[White "Injac, Petar"]
[Black "Hoffmann, Achim Gunter"]
[Result "0-1"]
[WhiteElo "1884"]
[BlackElo "2125"]
[Annotator "TA"]
[PlyCount "52"]
[EventDate "2019.10.25"]
[EventType "swiss"]
[EventCountry "GER"]
[SourceTitle "playchess.com"]
[Source "ChessBase"]
[SourceQuality "1"]

{[%evp 9,52,12,10,14,23,7,32,10,14,0,43,48,52,48,59,40,57,53,46,0,0,-479,-496,-487,-455,-667,-591,-614,-389,-1103,-874,-1089,-600,-547,-417,-689,-676,-660,-651,-29992,-29993,-29993,-1009,-950,19]} 1. d4 e6 2. e3 b6 3. Nf3 Bb7 4. Bd3 f5 5. b3 (5. c4 Nf6 6. Nc3 Be7 7. O-O O-O 8. d5 Na6 9. a3 Nc5 10. Bc2 a5 11. b3 Nfe4 12. Ne2 Bf6 13. Rb1 Nd6 14. b4 axb4 15. axb4 {1-0 (99) Stefanova,A (2500)-Zhao,X (2477) Huaian 2017}) 5... Nf6 6. Bb2 {A40: Unusual replies to 1 d4} Bb4+ 7. c3 Bd6 $146 ({Predecessor:} 7... Be7 8. O-O O-O 9. Nbd2 a5 10. Qc2 d5 11. c4 Ne4 12. Ne5 {0-1 (36) Polat,A (1604)-Doner,M (1843) Konya 2019}) 8. Nbd2 {White is slightly better.} O-O 9. Nc4 Ne4 10. Nxd6 cxd6 11. O-O Nc6 {[%cal Bb8c6,Bc6e7,Be7f5][%mdl 32]} 12. a4 a5 13. Rc1 Rf6 14. Bxe4 fxe4 15. Ba3 $2 {[%mdl 8192]} (15. Ng5 $11 {and White is okay.}) 15... exf3 $19 16. Bxd6 Ne7 17. Qd3 (17. e4 $142) 17... Nf5 18. Be5 Rg6 19. e4 $2 (19. g3) 19... Rxg2+ 20. Kh1 d6 21. Bg3 Nh4 22. Rfe1 (22. Qe3 $142) 22... Qg5 23. Qe3 Qg4 24. Rc2 {[#]} Qh3 $1 25. Qg5 Rxh2+ (25... h6 $142 26. Rcc1 hxg5 27. Rg1 Bxe4 28. Bxd6 Rxf2 29. Bg3 {[#]} Rxh2+ $1 {[%mdl 576] Deflection, Clearance} 30. Bxh2 f2+ {[%mdl 64] Discovered Attack} 31. Rg2 Bxg2#) 26. Bxh2 Qg2+ {[%mdl 32768] Accuracy: White = 30%, Black = 42%. . Loss on time!?} 0-1

[Event "14. Deizisauer Herbstopen 2019"]
[Site "Deizisau"]
[Date "2019.10.25"]
[Round "1.7"]
[White "Gheng, Dominik"]
[Black "Kobald, Jacqueline"]
[Result "1/2-1/2"]
[WhiteElo "2068"]
[BlackElo "1884"]
[Annotator "NA RC"]
[PlyCount "79"]
[EventDate "2019.10.25"]
[EventType "swiss"]
[EventCountry "GER"]
[SourceTitle "playchess.com"]
[Source "ChessBase"]
[SourceQuality "1"]
[TimeControl "5400+30"]

1. e4 {[%emt 0:00:00]} c5 {[%emt 0:00:00]} 2. c4 {[%emt 0:00:00]} Nc6 {[%emt 0:00:00]} 3. Nc3 {[%emt 0:00:00]} g6 {[%emt 0:00:26]} 4. g3 {[%emt 0:00:00]} Bg7 {[%emt 0:00:07]} 5. Bg2 {[%emt 0:00:05]} e6 {[%emt 0:00:54]} 6. Nge2 {[%emt 0:00:30]} Nge7 {[%emt 0:00:41]} 7. O-O {[%emt 0:00:53]} O-O {[%emt 0:00:24]} 8. a3 {[%emt 0:00:26]} d6 {[%emt 0:03:45]} 9. d3 {[%emt 0:01:15]} a6 {[%emt 0:02:32]} 10. Rb1 {[%emt 0:00:36]} Rb8 {[%emt 0:03:51]} 11. b4 {[%emt 0:01:29]} Nd4 {[%emt 0:06:09] A36: Symmetrical English vs ...g6: 4 Bg2 Bg7} 12. Be3 {[%emt 0:07:34]} Bd7 {[%emt 0:03:48]} 13. b5 $146 {[%emt 0:04:11]} ({Predecessor:} 13. Qd2 b5 14. Rfc1 Re8 15. Bg5 bxc4 16. dxc4 {0-1 (31) Stankovic,I (2216)-Damljanovic,B (2552) Belgrade 2014}) 13... Nxe2+ {[%emt 0:10:58]} 14. Nxe2 {[%emt 0:00:05]} axb5 {[%emt 0:00:24]} 15. cxb5 {[%emt 0:00:10]} Ra8 {[%emt 0:05:49]} 16. a4 {[%emt 0:02:44]} Qa5 {[%emt 0:04:37]} 17. e5 {[%emt 0:01:39]} Bxe5 {[%emt 0:02:06]} 18. Bxb7 {[%emt 0:00:26]} Ra7 {[%emt 0:06:30]} 19. Ba6 {[%emt 0:00:06]} Nd5 {[%emt 0:06:34]} 20. Bd2 {[%emt 0:05:51]} Nc3 {[%emt 0:08:25]} 21. Kh1 {[%emt 0:00:55]} Nxd1 {[%emt 0:05:35]} 22. Bxa5 {[%emt 0:00:09]} Nb2 {[%emt 0:00:24]} 23. d4 {[%emt 0:01:20]} Nc4 {[%emt 0:00:48]} 24. dxe5 {[%emt 0:00:59]} Nxa5 {[%emt 0:00:06]} 25. exd6 {[%emt 0:00:12]} Bc8 $2 {[%emt 0:04:48]} (25... Nc6 $1 $11) 26. Bxc8 {[%emt 0:14:03]} Rxc8 {[%emt 0:00:06]} 27. Nc3 {[%emt 0:12:51]} Nc4 {[%emt 0:01:53]} 28. Rfd1 {[%emt 0:01:05]} f5 {[%emt 0:04:45]} 29. b6 {[%emt 0:21:33]} Rb7 {[%emt 0:01:48]} 30. Rb5 {[%emt 0:11:51]} Rxb6 {[%emt 0:07:01]} 31. d7 {[%emt 0:00:12]} Rd8 {[%emt 0:00:13]} 32. Rxc5 {[%emt 0:00:22]} Nd6 {[%emt 0:03:53]} 33. Nb5 $16 {[%emt 0:06:16]} (33. a5 $18 Ra6 34. Na4 Rxd7 35. Nb6) 33... Rxd7 {[%emt 0:04:15]} 34. Rc2 {[%emt 0:00:26]} Kf7 {[%emt 0:01:10]} 35. Rcd2 {[%emt 0:00:13]} Ke7 {[%emt 0:00:11]} 36. f4 {[%emt 0:00:10]} Rd8 {[%emt 0:01:51]} 37. h4 {[%emt 0:01:01]} Nb7 {[%emt 0:00:24]} 38. Kg2 {[%emt 0:02:17]} Rxd2+ {[%emt 0:00:16]} 39. Rxd2 {[%emt 0:00:03]} Nc5 {[%emt 0:00:37]} 40. Rd4 {[%emt 0:00:46]} 1/2-1/2

[Event "14. Deizisauer Herbstopen 2019"]
[Site "Deizisau"]
[Date "2019.10.25"]
[Round "1.8"]
[White "Gheng, Christian"]
[Black "Gabriel, Josef"]
[Result "1-0"]
[WhiteElo "1868"]
[BlackElo "2089"]
[Annotator "NA RC"]
[PlyCount "29"]
[EventDate "2019.10.25"]
[EventType "swiss"]
[EventCountry "GER"]
[SourceTitle "playchess.com"]
[Source "ChessBase"]
[SourceQuality "1"]
[TimeControl "5400+30"]

1. e4 {[%emt 0:00:00]} g6 {[%emt 0:00:00]} 2. d4 {[%emt 0:00:00]} Bg7 {[%emt 0:00:00]} 3. Bc4 {[%emt 0:00:22]} c5 {[%emt 0:01:38]} 4. c3 {[%emt 0:02:27]} Nc6 {[%emt 0:00:14]} 5. Nf3 {[%emt 0:00:23]} cxd4 {[%emt 0:00:30]} 6. cxd4 {[%emt 0:00:27]} Qb6 {[%emt 0:01:41]} 7. Nc3 {[%emt 0:10:40]} Nxd4 {[%emt 0:02:06]} 8. Nd5 {[%emt 0:02:15]} Qc5 {[%emt 0:03:57]} 9. Be3 {[%emt 0:01:54]} Qa5+ {[%emt 0:27:10]} ({Stronger than} 9... Nxf3+ 10. gxf3 Qa5+ 11. Bd2 $14) (9... e6 $142) 10. b4 {[%emt 0:10:25]} Nxf3+ {[%emt 0:05:40]} 11. Qxf3 {[%emt 0:00:05]} ({And not} 11. gxf3 Qd8 $11) 11... Qa3 {[%emt 0:00:35]} 12. O-O $18 {[%emt 0:14:12]} Bxa1 {[%emt 0:01:12]} 13. Nc7+ {[%emt 0:01:36]} Kd8 {[%emt 0:00:25]} 14. Nxa8 {[%emt 0:00:42]} Be5 {[%emt 0:02:32]} 15. Bb6+ {[%emt 0:00:10]} 1-0

[Event "14. Deizisauer Herbstopen 2019"]
[Site "Deizisau"]
[Date "2019.10.25"]
[Round "1.9"]
[White "Reimche, Vadim"]
[Black "Leser, Stefan"]
[Result "1-0"]
[WhiteElo "2080"]
[BlackElo "1846"]
[Annotator "NA RC"]
[PlyCount "57"]
[EventDate "2019.10.25"]
[EventType "swiss"]
[EventCountry "GER"]
[SourceTitle "playchess.com"]
[Source "ChessBase"]
[SourceQuality "1"]
[TimeControl "5400+30"]

{[%evp 21,57,7,32767,32767,32767,32767,32767,5,32767,20,41,10,60,25,132,116,130,108,122,127,145,140,220,210,32767,32767,32767,32767,32767,32767,252,235,356,277,299,324,337,348]} 1. d4 {[%emt 0:00:00]} Nf6 {[%emt 0:00:00]} 2. c4 {[%emt 0:00:00]} e6 {[%emt 0:00:00]} 3. Nc3 {[%emt 0:00:00]} d5 {[%emt 0:00:29]} 4. Bg5 {[%emt 0:00:09]} Be7 {[%emt 0:00:38]} 5. e3 {[%emt 0:00:10]} h6 {[%emt 0:00:07]} 6. Bh4 {[%emt 0:00:05]} O-O {[%emt 0:00:10]} 7. Nf3 {[%emt 0:00:08]} b6 {[%emt 0:01:46]} 8. cxd5 {[%emt 0:00:10]} Nxd5 {[%emt 0:00:11]} 9. Nxd5 {[%emt 0:00:28]} exd5 {[%emt 0:02:07]} 10. Bxe7 {[%emt 0:00:55]} Qxe7 {[%emt 0:00:21]} 11. Rc1 {[%emt 0:04:20]} Be6 {[%emt 0:02:12] D59: Queen's Gambit Declined: Tartakower Defence: Main line (8 cxd5 Nxd5)} 12. Qc2 {[%emt 0:00:23]} (12. b3 c5 13. Bb5 a6 14. Bd3 Nd7 15. O-O a5 16. h3 Rfc8 17. a4 Nf6 18. Qe2 Bd7 19. Ne5 cxd4 20. exd4 {½-½ (39) Eljanov,P (2765)-Topalov,V (2754) Stavanger 2016}) 12... Qb4+ $146 {[%emt 0:05:28]} ({Predecessor:} 12... Rc8 13. Bd3 c5 14. Qd2 Nd7 15. O-O Bg4 16. Ne1 a5 17. f3 Be6 18. Bb5 Nf6 19. Nc2 {1-0 (47) Lajthajm,B (2484)-Benkovic,P (2456) Trebinje 2009}) 13. Qc3 {[%emt 0:00:56]} Qxc3+ {[%emt 0:02:51]} 14. Rxc3 {[%emt 0:03:27]} Rc8 {[%emt 0:03:30]} 15. b4 {[%emt 0:09:32]} a5 {[%emt 0:04:17]} 16. b5 $1 {[%emt 0:00:23]} c6 {[%emt 0:04:43]} (16... c5 $11) 17. Ne5 {[%emt 0:04:06]} cxb5 {[%emt 0:03:17]} (17... c5 $11 {keeps the balance.}) 18. Rxc8+ {[%emt 0:00:14]} Bxc8 {[%emt 0:00:13]} 19. Bxb5 {[%emt 0:00:13]} Ba6 {[%emt 0:05:57]} 20. Bxa6 {[%emt 0:05:49]} Nxa6 {[%emt 0:00:54] [#]} 21. Kd2 $1 {[%emt 0:00:20]} Rc8 {[%emt 0:03:27]} (21... b5 $16) 22. Rb1 {[%emt 0:00:57]} f6 {[%emt 0:04:13]} 23. Nd7 {[%emt 0:04:14]} Kf7 {[%emt 0:02:45]} 24. Nxb6 {[%emt 0:05:14]} Rb8 {[%emt 0:02:03]} 25. Rb2 {[%emt 0:03:20]} Rb7 {[%emt 0:08:44]} (25... f5 $142 26. Kc3 Ke6) 26. Na4 {[%emt 0:00:48]} Rc7 {[%emt 0:01:23]} (26... Rxb2+ $142 27. Nxb2 Nb8) 27. a3 {[%emt 0:01:42]} Rc6 {[%emt 0:04:27]} 28. Rb5 {[%emt 0:01:10]} Ke6 {[%emt 0:01:02]} 29. Rxa5 $18 {[%emt 0:01:09]} 1-0

[Event "14. Deizisauer Herbstopen 2019"]
[Site "Deizisau"]
[Date "2019.10.26"]
[Round "2.1"]
[White "Lehmann, Stefan"]
[Black "Dgebuadze, Alexandre"]
[Result "0-1"]
[WhiteElo "1999"]
[BlackElo "2472"]
[Annotator "ChessBase"]
[PlyCount "66"]
[EventDate "2019.10.25"]
[EventType "swiss"]
[EventCountry "GER"]
[SourceTitle "playchess.com"]
[Source "ChessBase"]
[SourceQuality "1"]
[TimeControl "5400+30"]

1. e4 {[%emt 0:00:00]} c5 {[%emt 0:00:00]} 2. Nc3 {[%emt 0:00:00]} Nc6 {[%emt 0:00:47]} 3. Nf3 {[%emt 0:00:00]} g6 {[%emt 0:02:24]} 4. Bb5 {[%emt 0:00:50]} Bg7 {[%emt 0:00:18]} 5. O-O {[%emt 0:00:18]} d6 {[%emt 0:02:27]} 6. Re1 {[%emt 0:06:19]} e5 {[%emt 0:00:23]} 7. d3 {[%emt 0:01:19]} Nge7 {[%emt 0:00:13]} 8. Nd5 {[%emt 0:07:01]} O-O {[%emt 0:02:16]} 9. Bg5 {[%emt 0:03:38]} f6 {[%emt 0:00:10]} 10. Nxe7+ {[%emt 0:00:15]} Nxe7 {[%emt 0:01:03]} 11. Be3 {[%emt 0:01:15]} Kh8 {[%emt 0:01:03]} 12. Bc4 {[%emt 0:03:23]} b6 {[%emt 0:05:13]} 13. c3 Bb7 14. Qd2 {[%emt 0:18:50]} d5 {[%emt 0:08:59]} 15. exd5 {[%emt 0:00:14]} Nxd5 {[%emt 0:00:50]} 16. Rad1 {[%emt 0:07:23]} Qc7 {[%emt 0:03:59]} 17. Qe2 {[%emt 0:05:25]} Rad8 {[%emt 0:07:11]} 18. a4 {[%emt 0:09:02]} Bc6 {[%emt 0:10:15]} 19. Bb5 {[%emt 0:02:36]} Ba8 {[%emt 0:06:05]} 20. h4 {[%emt 0:03:11]} h6 {[%emt 0:07:02]} 21. Bc1 {[%emt 0:04:58]} Ne7 {[%emt 0:00:48]} 22. d4 {[%emt 0:07:42]} e4 {[%emt 0:03:51]} 23. Nd2 {[%emt 0:00:52]} f5 {[%emt 0:01:16]} 24. dxc5 {[%emt 0:00:26]} bxc5 {[%emt 0:02:47]} 25. f3 {[%emt 0:00:32]} Nd5 {[%emt 0:13:04]} 26. fxe4 {[%emt 0:02:01]} Nf4 {[%emt 0:00:06]} 27. Qe3 {[%emt 0:01:58]} fxe4 {[%emt 0:02:14]} 28. Nxe4 {[%emt 0:00:58]} Rxd1 {[%emt 0:00:17]} 29. Rxd1 {[%emt 0:00:17]} Qe7 {[%emt 0:01:51]} 30. Nxc5 {[%emt 0:01:49]} Qxh4 {[%emt 0:00:48]} 31. Bf1 {[%emt 0:02:25]} Nxg2 {[%emt 0:02:14]} 32. Qe2 {[%emt 0:06:08]} Ne3 {[%emt 0:01:37]} 33. Qh2 {[%emt 0:00:45]} Qg4+ {[%emt 0:00:17]} 0-1